000 01742cab a2200277 4500
001 ABS67529
008 040302n2004 000 0 eng u
035 _a(Sirsi) u125301
245 _aC A Webber (Transport) Ltd v Railtrack plc
260 _c2004
490 _aWeekly Law Reports
_v[2004] 1 WLR 320-339(21)
520 _a[2003] EWCA Civ 1167, 15 July 2003. Appeal by claimant W against a county court decision on a preliminary issue concerning the validity of two s25 notices served under the Landlord and Tenant Act 1954. Notices were sent by recorded delivery but as the tenant W had an arrangement with the post office not to have post delivered on Saturdays, the notices were not received until Monday. "Held" that a notice under the Landlord and Tenant Act 1954 s25 sent by recorded delivery was deemed to have been served when posted rather than when received by the addressee. W's argument that such a construction of the Landlord and Tenant Act 1927 s23 was incompatible with the Convention for the Protection of Human Rights and Fundamental Freedoms Art 6 and First Protocol Art 1 was dismissed.
590 _aABS
650 _aC A WEBBER (TRANSPORT) LTD V NETWORK RAIL INFRASTRUCTURE LTD
650 _aNOTICES
650 _aLANDLORD AND TENANT ACT 1927 S23
650 _aTIME LIMITS
650 _aLANDLORD AND TENANT ACT 1954 S25
650 _aCONVENTION FOR THE PROTECTION OF HUMAN RIGHTS AND FUNDAMENTAL FREEDOMS ART 6
650 _aCONVENTION FOR THE PROTECTION OF HUMAN RIGHTS AND FUNDAMENTAL FREEDOMS FIRST PROTOCOL ART 1
650 _aBUSINESS TENANCIES
650 _aTERMINATION OF TENANCY
650 _aSERVICES OF NOTICES
690 _aLANDLORD AND TENANT-BUSINESS TENANCIES-CASE LAW
942 _n0
999 _c74215
_d74215